|
|
|
|
| LEADER |
01112nam a22002537a 4500 |
| 001 |
2811 |
| 003 |
BD-DhAAL |
| 005 |
20151220225647.0 |
| 008 |
151220r19981992bg a|||| |||| 001 0 ben d |
| 020 |
|
|
|a 984446045X
|
| 040 |
|
|
|a BD-DhAAL
|c BD-DhAAL
|
| 082 |
|
|
|a 491.4/4/8242
|
| 100 |
|
|
|a মামুদ, হায়াৎ .
|9 16873
|
| 245 |
|
|
|a বাংলা লেখার নিয়মকানুন :
|b বানান ও ভাষারীতির গাইড-বুক /
|c হায়াৎ মামুদ
|
| 250 |
|
|
|a দ্বিতীয় সংস্করণ
|
| 260 |
|
|
|a ঢাকা :
|b প্রতীক প্রকাশনী,
|c ১৯৯৮
|
| 300 |
|
|
|a ১৭২ পৃ. :
|b চিত্র ;
|c ২২ সে.মি.
|
| 504 |
|
|
|6 Bengali text.
|
| 541 |
|
|
|e 2811
|
| 650 |
|
|
|a Bengali language
|v Grammar.
|9 16874
|
| 650 |
|
|
|a Bengali language
|v Orthography and spelling.
|9 16876
|
| 942 |
|
|
|2 ddc
|c BK
|
| 999 |
|
|
|c 36422
|d 36422
|
| 952 |
|
|
|0 0
|1 0
|2 ddc
|4 0
|6 491_400000000000000_4_8242_MAM
|7 0
|9 57300
|a SCL
|b SCL
|c GEN
|d 2015-12-20
|g 100.00
|l 0
|o 491.448242 MAM
|p 3020002811
|r 2015-12-20
|t 1
|w 2015-12-20
|y BK
|